000 00660nam a22002297a 4500
003 UA-OsUOA
001 111618
007 ta
008 20150527b un ||||| |||| 00| 0 ukr d
090 _a94(477)"1932/1935"
_bГ61
942 _cBK
040 _aUA-OsUOA
_bukr
_cUA-OsUOA
_dUA-OsUOA
245 _aГолод в Україні
_bвибрані статті
_cупор. Н. Дюк
300 _a164 с.
955 _a1
041 _aukr
080 _a94(477)"1932/1935"
020 _a966-8575-43-1
260 _aЛуцьк
_bТерен
_c2006
650 7 _a9 Географія. Біографії. Історія
_2UDC
999 _c397786
_d397786